[Event "Emilia Romagna Province-ch"]
[Site "Formigine"]
[Date "2007.05.01"]
[Round "6"]
[White "Lucchi, Sauro"]
[Black "Fiorentini, Davide"]
[Result "0-1"]
[WhiteElo "1356"]
[BlackElo "1494"]
[PlyCount "66"]
[EventDate "2007.04.28"]
[EventType "swiss"]
[EventRounds "6"]
[EventCountry "ITA"]
[SourceTitle "EXT 2009"]
[Source "ChessBase"]
[SourceDate "2008.11.26"]
[SourceVersion "1"]
[SourceVersionDate "2008.11.26"]
[SourceQuality "1"]

1. e4 e5 2. Nf3 Nc6 3. Bc4 Nf6 4. d3 Bc5 5. 0-0 0-0 6. Bg5 h6 7. Bh4 Be7 8. Bxf6 Bxf6 9. Bd5 Nb4 10. Bb3 d5 11. exd5 e4 12. a3 Bxb2 13. axb4 Bxa1 14. Nfd2 Bf6 15. dxe4 Re8 16. Ba4 Bd7 17. c3 Bxa4 18. Qxa4 Qd6 19. Re1 Qa6 20. Qc2 c6 21. dxc6 Qxc6 22. Nf3 Rac8 23. Re3 Be7 24. Nd4 Qd7 25. Nd2 Bxb4 26. Qb3 Bc5 27. Rf3 Bxd4 28. cxd4 Rc1+ 29. Nf1 Rxe4 30. d5 Ree1 31. h3 Rxf1+ 32. Kh2 Qc7+ 33. d6 Qxd6+ 0-1